[Event "Druzynowe Mistrzostwa Polski Juniorow - II liga"]
[Site "Sypniewo k. Jastowia"]
[Date "2024-06-17"]
[Round "2.19"]
[White "Lochinski, Pawel"]
[Black "Klisowski, Bartosz"]
[Result "1-0"]
[WhiteTitle "I"]
[BlackTitle "I+"]
[WhiteElo "1857"]
[BlackElo "1864"]

1. e4 c6 2. d4 d5 3. Nc3 dxe4 4. Nxe4 Bf5 5. Ng3 Bg6 6. Nf3 Nd7 7. h4 h6 8. Bd3
Bxd3 9. Qxd3 e6 10. Bf4 Ngf6 11. O-O-O Be7 12. c4 Qa5 13. Kb1 Qa6 14. Rhe1 Kf8
15. Qc2 Rd8 16. Re2 b5 17. c5 Nd5 18. Bd2 b4 19. Rde1 Qc8 20. Nh5 N7f6 21. Nxf6
Nxf6 22. Bf4 a5 23. Qc4 Nd5 24. Be5 a4 25. Rd2 Qb7 26. g4 a3 27. b3 Nc3+ 28. Ka1
Qb5 29. Bg3 Qxc4 30. bxc4 Na4 31. Ne5 1-0

[Event "Druzynowe Mistrzostwa Polski Juniorow - II liga"]
[Site "Sypniewo k. Jastowia"]
[Date "2024-06-17"]
[Round "2.20"]
[White "Klisowski, Szymon"]
[Black "Jablonski, Antoni"]
[Result "0-1"]
[WhiteTitle "II"]
[BlackTitle "I+"]
[WhiteElo "1536"]
[BlackElo "1938"]

1. Nf3 Nf6 2. g3 g6 3. Bg2 Bg7 4. O-O O-O 5. d4 d6 6. c4 Nc6 7. Nc3 Bf5 8. Re1
Ne4 9. Nxe4 Bxe4 10. e3 d5 11. Qa4 e6 12. Bd2 Qf6 13. Nh4 g5 14. Bxe4 dxe4 15.
Ng2 Qg6 16. h4 h6 17. Qd1 Rfd8 18. Bc3 Ne5 19. Kf1 Nf3 20. Re2 Qf5 0-1

[Event "Druzynowe Mistrzostwa Polski Juniorow - II liga"]
[Site "Sypniewo k. Jastowia"]
[Date "2024-06-17"]
[Round "2.21"]
[White "Kowalski, Aleksander"]
[Black "Kiszkiel, Oskar"]
[Result "1/2-1/2"]
[WhiteTitle "II"]
[BlackTitle "I"]
[WhiteElo "1504"]
[BlackElo "1741"]

1. e4 e6 2. d3 d5 3. Nd2 Nf6 4. g3 dxe4 5. dxe4 b6 6. Bg2 Bb7 7. Ne2 Nbd7 8. O-O
Ne5 9. h3 h5 10. Nc3 h4 11. g4 Nfxg4 12. hxg4 Ba6 13. Bh3 Bxf1 14. Qxf1 Bc5 15.
Nb3 Qe7 16. Nxc5 Qxc5 17. Be3 Qc4 18. Bf4 Nf3+ 19. Kg2 Qxf1+ 20. Rxf1 Nd4 21.
Be5 O-O-O 22. Bxg7 Rhg8 23. Bf6 Rd7 24. Bxh4 f5 25. g5 Rh7 26. Bg3 Rxg5 27. exf5
exf5 28. Ne4 Rgh5 29. Rh1 Rxh3 30. Rxh3 Rxh3 31. Kxh3 fxe4 32. c3 Ne2 33. Kg4
Kd7 34. Bf4 Ke6 35. Bxc7 Nc1 36. Bb8 a6 37. Ba7 b5 38. Kf4 Kd5 39. Kf5 Nxa2 40.
Be3 b4 41. c4+ Kxc4 42. Kxe4 Kb5 43. Kd3 b3 44. Bd2 a5 45. f4 a4 46. Bc3 Kc5 47.
f5 Kd5 48. f6 Ke6 49. Kc4 Nc1 50. Kb4 Na2+ 51. Kxa4 Nxc3+ 52. Kxb3 Ke5 1/2-1/2

[Event "Druzynowe Mistrzostwa Polski Juniorow - II liga"]
[Site "Sypniewo k. Jastowia"]
[Date "2024-06-17"]
[Round "2.22"]
[White "Janeczek, Maksymilian"]
[Black "Modzelan, Wojciech"]
[Result "1/2-1/2"]
[WhiteTitle "II"]
[BlackTitle "II"]
[WhiteElo "1570"]
[BlackElo "1568"]

1. e4 c5 2. Nf3 d6 3. d4 cxd4 4. Qxd4 Nc6 5. Bb5 Bd7 6. Bxc6 Bxc6 7. Nc3 Nf6 8.
Bg5 e6 9. O-O-O Be7 10. Rhe1 O-O 11. Qd2 d5 12. e5 Nd7 13. Bxe7 Qxe7 14. Nd4 Nb6
15. f4 Nc4 16. Qf2 Bd7 17. f5 Qg5+ 18. Kb1 exf5 19. Nxd5 Nb6 20. h4 Qg4 21. Ne7+
Kh8 22. Nexf5 Bxf5 23. Nxf5 Rad8 24. Nd6 Kg8 25. Kc1 Rd7 26. Re4 Qe6 27. Kb1 Rfd8
28. Rdd4 Qe7 29. h5 Nc8 30. Qd2 Nxd6 31. exd6 Qf6 32. Qd1 h6 33. Qe1 Kh7 34. Rf4
Qe6 35. Qd1 Rxd6 36. Qd3+ Kg8 37. b3 1/2-1/2

[Event "Druzynowe Mistrzostwa Polski Juniorow - II liga"]
[Site "Sypniewo k. Jastowia"]
[Date "2024-06-17"]
[Round "2.23"]
[White "Babinska, Liwia"]
[Black "Gajec, Roza"]
[Result "0-1"]
[WhiteTitle "I"]
[BlackTitle "I"]
[WhiteElo "1702"]
[BlackElo "1771"]

1. e4 c5 2. Nf3 e6 3. d4 cxd4 4. Nxd4 a6 5. a3 Nc6 6. Nc3 Qc7 7. Be2 Nf6 8. O-O
Be7 9. Kh1 O-O 10. f4 d6 11. Be3 b5 12. Nxc6 Qxc6 13. Bf3 e5 14. fxe5 dxe5 15.
Nd5 Qb7 16. b4 Rd8 17. Qe1 Be6 18. Nxe7+ Qxe7 19. Bg5 h6 20. Bh4 Bc4 21. Be2 g5
22. Bxc4 bxc4 23. Bg3 Rd4 24. c3 Rd3 25. Bf2 Qb7 26. Rd1 Nxe4 27. Rxd3 cxd3 28.
Qe3 Rd8 29. Rd1 Nxf2+ 30. Qxf2 e4 31. Qe3 f5 32. Qc5 Rd5 33. Qe3 Qe7 34. c4 Rd8
35. Qb6 Rd6 36. Qb8+ Kg7 37. c5 Rd8 38. Qg3 e3 39. Qe1 e2 40. Rd2 Rd4 41. h3 Qe3
42. c6 Rc4 0-1

[Event "Druzynowe Mistrzostwa Polski Juniorow - II liga"]
[Site "Sypniewo k. Jastowia"]
[Date "2024-06-17"]
[Round "2.25"]
[White "Rekuc, Patryk"]
[Black "Pulit, Kacper"]
[Result "1-0"]
[WhiteTitle "I+"]
[BlackTitle "II+"]
[WhiteElo "2076"]
[BlackElo "1728"]

1. Nf3 Nf6 2. c4 g6 3. d4 Bg7 4. Nc3 d5 5. e3 O-O 6. Be2 c6 7. O-O Bf5 8. b3 Nbd7
9. Bb2 Rc8 10. h3 h6 11. Rc1 Re8 12. Re1 a6 13. Bf1 b5 14. g4 Be6 15. Nd2 Nb6
16. Qc2 Nh7 17. a4 dxc4 18. bxc4 Nxc4 19. Nxc4 Bxc4 20. Bxc4 bxc4 21. Ne4 Qd5
22. Ba3 Rb8 23. f3 e5 24. dxe5 Bxe5 25. Qxc4 Rb3 26. Bc5 Nf6 27. Red1 Qxc4 28.
Nxf6+ Bxf6 29. Rxc4 Be7 30. Re4 Kf8 31. Bxe7+ 1-0

[Event "Druzynowe Mistrzostwa Polski Juniorow - II liga"]
[Site "Sypniewo k. Jastowia"]
[Date "2024-06-17"]
[Round "2.26"]
[White "Penar, Marcin"]
[Black "Krol, Jan"]
[Result "0-1"]
[WhiteTitle "II"]
[BlackTitle "I+"]
[WhiteElo "1715"]
[BlackElo "2002"]

1. d4 Nf6 2. Bf4 d5 3. e3 c5 4. c3 Nc6 5. Nd2 Bf5 6. Ngf3 e6 7. Ne5 Nxe5 8. Bxe5
Bd6 9. Bb5+ Ke7 10. Bxd6+ Qxd6 11. Be2 Rhd8 12. Nf3 Be4 13. Bd3 Bxd3 14. Qxd3
c4 15. Qe2 b5 16. a3 a5 17. Nd2 Kf8 18. f4 b4 19. axb4 axb4 20. O-O bxc3 21. bxc3
Ra3 22. Rfc1 Rb8 23. Qd1 Rb2 24. h3 Qa6 25. Kf1 Rxd2 26. Qxd2 Rxa1 27. g4 Ne4
28. Qb2 Rxc1+ 29. Qxc1 Qa2 30. Qe1 Qh2 31. Qh4 Nd2+ 0-1

[Event "Druzynowe Mistrzostwa Polski Juniorow - II liga"]
[Site "Sypniewo k. Jastowia"]
[Date "2024-06-17"]
[Round "2.27"]
[White "Chomicki, Kornel"]
[Black "Balis, Sebastian"]
[Result "1/2-1/2"]
[WhiteTitle "II+"]
[BlackTitle "I"]
[WhiteElo "1613"]
[BlackElo "1675"]

1. e4 e6 2. d4 d5 3. exd5 exd5 4. Nf3 Bg4 5. h3 Bh5 6. Be2 Nc6 7. O-O Bd6 8. Re1
Nge7 9. c3 Qd7 10. Qb3 Bxf3 11. Bxf3 O-O-O 12. Be3 h5 13. Nd2 Qf5 14. c4 Bb4 15.
cxd5 Nxd5 16. Be4 Qd7 17. Qc2 Nxe3 18. fxe3 Nxd4 19. exd4 Qxd4+ 20. Kh1 Bxd2 21.
Bf5+ Kb8 22. Re7 Bf4 23. Rf1 Qd6 24. Rxf7 g5 25. Be4 Rdf8 26. Qb3 Qb6 27. Qc3
Qd6 28. Qb3 b6 29. Rxf8+ Rxf8 30. g3 Be5 31. Rxf8+ Qxf8 32. Qd5 Qf1+ 1/2-1/2

[Event "Druzynowe Mistrzostwa Polski Juniorow - II liga"]
[Site "Sypniewo k. Jastowia"]
[Date "2024-06-17"]
[Round "2.28"]
[White "Schiller, Marcin"]
[Black "Dunda, Szymon"]
[Result "1/2-1/2"]
[WhiteTitle "II+"]
[BlackTitle "II"]
[WhiteElo "1636"]
[BlackElo "1548"]

1. d4 Nf6 2. c4 e6 3. Nc3 Bb4 4. f3 d5 5. a3 Bxc3+ 6. bxc3 h6 7. e3 O-O 8. Qc2
Nbd7 9. cxd5 exd5 10. Ne2 Re8 11. Ng3 b6 12. Bd3 Bb7 13. O-O c5 14. e4 c4 15.
Be2 dxe4 16. fxe4 Nxe4 17. Bxc4 Ndf6 18. Nxe4 Bxe4 19. Qb3 Bd5 20. Bb2 Bxc4 21.
Qxc4 Rc8 22. Qd3 Qc7 23. Rf3 Re7 24. Raf1 Rce8 25. Bc1 Ne4 26. Bf4 Qb7 27. Be5
Rd8 28. Qc2 f6 29. Bf4 Qc6 30. Qc1 Rc8 31. Re1 Rf7 32. Qe3 Re8 33. Qd3 Rfe7 34.
Rfe3 Qb7 35. Qc4+ Kh8 36. d5 g5 37. Rxe4 gxf4 38. Rxe7 Rxe7 39. Rf1 Kg7 40. Qxf4
Rf7 41. Rf3 Qxd5 42. Rg3+ Kh7 43. Qg4 Qg5 44. Qe4+ f5 45. Rxg5 fxe4 46. Re5 Rc7
47. Rxe4 Rxc3 48. Re7+ Kg6 49. Rxa7 Kg5 50. h3 1/2-1/2

[Event "Druzynowe Mistrzostwa Polski Juniorow - II liga"]
[Site "Sypniewo k. Jastowia"]
[Date "2024-06-17"]
[Round "2.29"]
[White "Szczotka, Matylda"]
[Black "Kretowicz, Daria"]
[Result "1/2-1/2"]
[WhiteTitle "I"]
[BlackTitle "I"]
[WhiteElo "1670"]
[BlackElo "1544"]

1. e4 c5 2. Nf3 e6 3. c3 Nc6 4. g3 Nf6 5. d3 d5 6. e5 Nd7 7. Qe2 Be7 8. Bg2 O-O
9. O-O Qc7 10. Re1 b5 11. Bf4 Bb7 12. Na3 a6 13. Nc2 a5 14. a3 Rfc8 15. Rec1 Qb6
16. h4 b4 17. cxb4 axb4 18. axb4 Nxb4 19. Nxb4 Qxb4 20. Bf1 Bc6 21. Ng5 h6 22.
Nf3 Rcb8 23. Rxa8 Bxa8 24. Rc2 Nb6 25. Bc1 Bc6 26. Bd2 Qb3 27. Nd4 cxd4 28. Rxc6
Qxb2 29. Qd1 Rc8 30. Rxc8+ Nxc8 31. Bc1 Qb4 32. Qg4 Kh7 33. Bf4 Qe1 34. Qh5 Kg8
35. Qg4 Kh7 36. Qh5 Kg8 37. Qg4 Kh7 38. Qh5 1/2-1/2

[Event "Druzynowe Mistrzostwa Polski Juniorow - II liga"]
[Site "Sypniewo k. Jastowia"]
[Date "2024-06-17"]
[Round "2.31"]
[White "Lechowski, Witold"]
[Black "Siwek, Leon"]
[Result "1-0"]
[WhiteTitle "I+"]
[BlackTitle "II"]
[WhiteElo "2014"]
[BlackElo "1602"]

1. d4 Nf6 2. c4 e5 3. dxe5 Ng4 4. e4 Nxe5 5. f4 Nec6 6. Nc3 Bc5 7. Qg4 Rg8 8. Qh5
d6 9. Qxh7 Kf8 10. Bd2 Nd7 11. O-O-O Nf6 12. Qh4 Bg4 13. Be2 Bxe2 14. Ngxe2 Qe8
15. Ng3 Bf2 16. Rhf1 Nb4 17. a3 Nd3+ 18. Kc2 Bxg3 19. Qxg3 Nc5 20. e5 dxe5 21.
fxe5 Nfd7 22. Be3 1-0

[Event "Druzynowe Mistrzostwa Polski Juniorow - II liga"]
[Site "Sypniewo k. Jastowia"]
[Date "2024-06-17"]
[Round "2.32"]
[White "Broszkiewicz, Stanislaw"]
[Black "Czak, Dominik"]
[Result "0-1"]
[WhiteTitle "II+"]
[BlackTitle "I"]
[WhiteElo "1700"]
[BlackElo "1739"]

1. d4 Nf6 2. c4 e6 3. Nf3 d5 4. Nc3 c6 5. Bg5 Bb4 6. Nd2 Nbd7 7. e4 dxe4 8. Ndxe4
h6 9. Nxf6+ Nxf6 10. Be3 c5 11. Qb3 Qa5 12. dxc5 Ng4 13. a3 Nxe3 14. fxe3 Bxc5
15. Qb5+ Qxb5 16. Nxb5 O-O 17. Ke2 Bd7 18. b4 Be7 19. g3 a6 20. Nd4 e5 21. Nb3
Be6 22. Rc1 Rac8 23. Nd2 Bg4+ 24. Kf2 Rfd8 25. Nb3 Bd1 26. Rc3 Bxb3 27. Rxb3 Rd2+
28. Be2 Rxc4 29. Rd1 Rxd1 30. Bxd1 Rc7 31. Bf3 g6 32. Be2 Kg7 33. b5 axb5 34.
Rxb5 Bxa3 35. Rxe5 Bc5 36. Kf3 b6 37. e4 Rd7 38. Rd5 Rxd5 39. exd5 Kf6 40. Ke4
Ke7 41. Bb5 f5+ 42. Ke5 Bd6+ 43. Kd4 g5 44. Bd3 Kf6 45. Bb5 g4 46. Be2 Kg5 47.
Ke3 f4+ 48. Kf2 h5 49. Bd3 h4 50. gxf4+ Kxf4 51. Kg2 Ke3 52. Bb5 Kd4 53. Bc6 Kc5
54. Bd7 g3 55. hxg3 hxg3 56. Be6 b5 57. Kf3 Kd4 58. Bd7 b4 59. Ba4 Kxd5 60. Bc2
Kd4 61. Be4 Kc3 62. Ke3 b3 63. Ke2 Kb2 64. Kd2 Ka1 65. Kc3 b2 66. Kb3 b1=Q+ 0-1

[Event "Druzynowe Mistrzostwa Polski Juniorow - II liga"]
[Site "Sypniewo k. Jastowia"]
[Date "2024-06-17"]
[Round "2.33"]
[White "Pelczarski, Wojciech"]
[Black "Wojciechowski, Szymon"]
[Result "0-1"]
[WhiteTitle "II+"]
[BlackTitle "I"]
[WhiteElo "1663"]
[BlackElo "1837"]

1. d4 d5 2. Bf4 Nf6 3. Nf3 e6 4. e3 Bd6 5. Bg3 b6 6. Bd3 Ba6 7. Bxa6 Nxa6 8. c3
O-O 9. O-O c5 10. Nbd2 Nb8 11. Ne5 Qc7 12. Re1 Nc6 13. Ndf3 Nd7 14. Nxd7 Qxd7
15. Qd3 c4 16. Qc2 b5 17. e4 Bxg3 18. hxg3 Rfe8 19. Ng5 h6 20. exd5 hxg5 21. dxc6
Qxc6 22. Re5 f6 23. Rc5 Qd7 24. a4 a6 25. Qe4 Rab8 26. Qc6 Qxc6 27. Rxc6 bxa4
28. Rxa4 Rxb2 29. Rcxc4 Rb1+ 30. Kh2 g4 31. Rab4 Rf1 32. Rb7 Kh7 33. Rcc7 Rg8
0-1

[Event "Druzynowe Mistrzostwa Polski Juniorow - II liga"]
[Site "Sypniewo k. Jastowia"]
[Date "2024-06-17"]
[Round "2.34"]
[White "Sniedziewski, Emil"]
[Black "Krawczyk, Eryk"]
[Result "1/2-1/2"]
[WhiteTitle "II+"]
[BlackTitle "II"]
[WhiteElo "1838"]
[BlackElo "1528"]

1. e4 c6 2. d4 d5 3. exd5 cxd5 4. c4 e6 5. Nc3 Nf6 6. Nf3 Nc6 7. c5 b6 8. Bb5 Bd7
9. Bxc6 Bxc6 10. Ne5 Qc8 11. b4 bxc5 12. bxc5 Be7 13. O-O O-O 14. Bf4 Nd7 15.
Nxc6 Qxc6 16. Qa4 Rfc8 17. Rfc1 Bf6 18. Qd1 Re8 19. Rab1 a6 20. h3 Rad8 21. Na4
e5 22. dxe5 Bxe5 23. Bxe5 Rxe5 24. Nb6 h6 25. Nxd7 Rxd7 26. Rb8+ Kh7 27. Qd3+
Qg6 28. c6 Rc7 29. Qc3 Rg5 30. g3 d4 31. Qf3 d3 32. Rd1 Rxc6 33. Rxd3 Rc1+ 34.
Kg2 Rf5 35. Rdd8 Qc6 36. Qxc6 Rxc6 37. Rd2 Kg6 38. Rdb2 Rff6 39. Ra8 Kf5 40. Rg8
g6 41. Re8 Rfe6 42. Rf8 f6 43. Rd8 h5 44. h4 Red6 45. Rdb8 Ke4 46. R8b3 Rd3 47.
Rb4+ Kd5 48. Ra4 Rd4 49. Ra5+ Ke4 50. Rb3 Rd2 51. Re3+ Kd4 52. Ra4+ Kd5 53. Rf3
Rd4 54. Ra5+ Kc4 55. Raa3 Kb5 56. Rfb3+ Rb4 57. Rf3 Rb2 58. Rf4 Rb4 59. Rff3 a5
60. Rfd3 a4 61. Rd5+ Kb6 62. Rf3 f5 63. Rd2 Kc5 64. Rfd3 Rc4 65. Kf3 Kb4 66. Rb2+
Kc5 67. Rbd2 Kb5 68. Rb2+ Rb4 69. Rbd2 Re4 70. Rb2+ Kc4 71. Rdd2 Kc5 72. Rd3 Rb4
73. Rc2+ Kb5 74. Rcd2 Kc4 75. Rd4+ Kb5 76. R4d3 1/2-1/2

[Event "Druzynowe Mistrzostwa Polski Juniorow - II liga"]
[Site "Sypniewo k. Jastowia"]
[Date "2024-06-17"]
[Round "2.36"]
[White "Kaczmarczyk, Dominika"]
[Black "Lechowska, Liliana"]
[Result "1-0"]
[WhiteTitle "II"]
[BlackTitle "II"]
[WhiteElo "1407"]
[BlackElo "1558"]

1. e4 c5 2. c3 Nc6 3. d4 cxd4 4. cxd4 Nf6 5. e5 Nd5 6. Bc4 Nb6 7. Bb3 d6 8. Qf3
e6 9. Qe4 dxe5 10. dxe5 Be7 11. Nf3 O-O 12. Bc2 g6 13. Bh6 Re8 14. h4 Bf8 15.
Qf4 Nb4 16. Be4 N6d5 17. Qd2 Qa5 18. O-O Qb5 19. Bxf8 Rxf8 20. Qh6 Ne7 21. Ng5
Rd8 22. Qxh7+ Kf8 23. Qxf7# 1-0

[Event "Druzynowe Mistrzostwa Polski Juniorow - II liga"]
[Site "Sypniewo k. Jastowia"]
[Date "2024-06-17"]
[Round "2.37"]
[White "Nawrocki, Michal"]
[Black "Przybylski, Bartosz"]
[Result "0-1"]
[WhiteTitle "I"]
[BlackTitle "k"]
[WhiteElo "1771"]
[BlackElo "2085"]

1. e4 e5 2. Nf3 Nc6 3. Nc3 Nf6 4. d4 exd4 5. Nxd4 Bb4 6. Nxc6 bxc6 7. Bd3 d5 8.
exd5 O-O 9. O-O cxd5 10. Bg5 Be6 11. Bxf6 Qxf6 12. Qf3 Qxf3 13. gxf3 c5 14. Rfd1
Rab8 15. Rab1 Rfd8 16. Bf1 d4 17. Ne4 f5 18. Ng3 Bxa2 19. Ra1 Bd5 20. Bg2 f4 21.
Nf5 Rb7 22. Ra4 Be6 23. Bh3 Kh8 24. Ra6 Bd5 25. Nd6 Rb6 26. Rxb6 axb6 27. Ne4
Ra8 28. Bf1 h6 29. Bb5 Ra2 30. c3 Bxe4 31. fxe4 dxc3 32. bxc3 Bxc3 33. Rd8+ Kh7
34. Bc4 Rd2 35. Rxd2 Bxd2 36. e5 Kg6 37. e6 Kf6 38. Kg2 g5 39. Kf3 h5 40. h3 Bc1
41. Ke4 g4 42. Kd5 Ke7 43. hxg4 hxg4 44. Be2 g3 45. fxg3 fxg3 46. Bf1 Be3 47.
Ke4 Bf2 48. Bh3 c4 49. Bf1 b5 0-1

[Event "Druzynowe Mistrzostwa Polski Juniorow - II liga"]
[Site "Sypniewo k. Jastowia"]
[Date "2024-06-17"]
[Round "2.38"]
[White "Polak, Aleksander"]
[Black "Garwacki, Kornel"]
[Result "0-1"]
[WhiteTitle "II"]
[BlackTitle "I"]
[WhiteElo "1554"]
[BlackElo "1844"]

1. d4 Nf6 2. c4 e6 3. Nc3 Bb4 4. f3 c5 5. d5 b5 6. e4 d6 7. Bd3 bxc4 8. Bxc4 O-O
9. Bg5 h6 10. Bh4 e5 11. Nge2 Nbd7 12. O-O Re8 13. Bb5 a6 14. Ba4 g5 15. Be1 Nh5
16. Kh1 Rf8 17. Rb1 Rb8 18. a3 Ba5 19. Na2 Bxe1 20. Qxe1 Nb6 21. Bc2 Bd7 22. b4
c4 23. Nac3 Ng7 24. Qd2 f5 25. exf5 Bxf5 26. Ne4 Bxe4 27. Bxe4 Nf5 28. Rfc1 Qd7
29. Bxf5 Qxf5 30. Ng3 Qf7 31. Ne4 Rfd8 32. Rc2 Kh8 33. Kg1 Rbc8 34. h4 Nxd5 35.
hxg5 Nf4 36. gxh6 d5 37. Nc5 Qg6 38. Re1 0-1

[Event "Druzynowe Mistrzostwa Polski Juniorow - II liga"]
[Site "Sypniewo k. Jastowia"]
[Date "2024-06-17"]
[Round "2.39"]
[White "Nowicki, Franciszek"]
[Black "Kosecki, Kacper"]
[Result "1-0"]
[WhiteTitle "II"]
[BlackTitle "III"]
[WhiteElo "1758"]
[BlackElo "1444"]

1. e4 c5 2. Nf3 d6 3. d4 cxd4 4. Nxd4 Nf6 5. Nc3 e6 6. Be2 Be7 7. O-O O-O 8. Be3
Nc6 9. f4 Qc7 10. Kh1 b6 11. Nxc6 Qxc6 12. Bf3 Nd7 13. e5 d5 14. Nxd5 exd5 15.
Bxd5 Qc7 16. Bxa8 Ba6 17. Be4 Bxf1 18. Qxf1 Nc5 19. Bd5 Na4 20. Bb3 Nc5 21. c3
Rd8 22. Bc2 Qb7 23. Rd1 Rxd1 24. Qxd1 Qa6 25. a4 Qc4 26. Kg1 Qa2 27. b4 Ne6 28.
Bb3 Qb2 29. Qc2 Qxc2 30. Bxc2 Nc7 31. Bb3 Bh4 32. g3 Be7 33. Kf2 Kf8 34. Bd4 Ne8
35. f5 f6 36. e6 Bd6 37. h3 Bc7 38. g4 Nd6 39. Kf3 Ke7 40. c4 Nb7 41. c5 bxc5
42. bxc5 a5 43. Bd5 Nd8 44. Ke4 Bb8 45. Bc3 Bc7 46. Kd4 Be5+ 47. Kc4 g6 48. Bxa5
gxf5 49. gxf5 Bb8 50. Bb6 Kf8 51. Bxd8 Ke8 52. e7 Bf4 53. Bc6+ Kf7 54. e8=Q+ Kg7
55. Be7 Kh6 56. h4 Bc1 57. Bf8# 1-0

[Event "Druzynowe Mistrzostwa Polski Juniorow - II liga"]
[Site "Sypniewo k. Jastowia"]
[Date "2024-06-17"]
[Round "2.41"]
[White "Michalska, Anna-maria"]
[Black "Sliwicka, Weronika"]
[Result "1-0"]
[WhiteTitle "I"]
[BlackTitle "I"]
[WhiteElo "1607"]
[BlackElo "1795"]

1. c4 e5 2. Nc3 Nf6 3. g3 d5 4. cxd5 Nxd5 5. Bg2 Nb6 6. e3 Be7 7. Nge2 O-O 8. O-O
Nc6 9. f4 exf4 10. Nxf4 Ne5 11. d4 Ng4 12. h3 Nf6 13. Kh2 c6 14. Re1 Re8 15. e4
Bb4 16. a3 Bxc3 17. bxc3 Qc7 18. a4 Bd7 19. Ba3 Nc4 20. Qd3 Nxa3 21. Rxa3 Be6
22. Raa1 Rad8 23. c4 c5 24. d5 Qe5 25. Qa3 Bd7 26. Qxc5 b6 27. Qf2 Rc8 28. Rac1
Bxa4 29. Nd3 Qh5 30. Bf3 Qg6 31. Nf4 Qg5 32. c5 bxc5 33. Rxc5 a6 34. Rxc8 Rxc8
35. e5 Nd7 36. h4 Qf5 37. Be4 Qg4 38. Bd3 Nc5 39. Bf1 Bd7 40. Bh3 Qxh3+ 41. Nxh3
Nd3 42. Qd2 Nxe1 43. Qxe1 Rc2+ 44. Nf2 Kf8 45. Qb4+ Ke8 46. Kg1 Bb5 47. Ne4 Rc1+
48. Kf2 Rc2+ 49. Ke3 1-0

[Event "Druzynowe Mistrzostwa Polski Juniorow - II liga"]
[Site "Sypniewo k. Jastowia"]
[Date "2024-06-17"]
[Round "2.42"]
[White "Terekhova, Svitlana"]
[Black "Bartkowiak, Aleksandra"]
[Result "0-1"]
[WhiteTitle "III"]
[BlackTitle "II+"]
[WhiteElo "1628"]
[BlackElo "1574"]

1. d4 d5 2. Bf4 Nf6 3. e3 e6 4. Nf3 c5 5. dxc5 Bxc5 6. Bb5+ Nc6 7. Ne5 Bd7 8. Bxc6
Bxc6 9. Nxc6 bxc6 10. O-O O-O 11. Nd2 Rc8 12. Nf3 h6 13. h3 Re8 14. c3 Qb6 15.
b4 Be7 16. a4 Ne4 17. Qd3 a6 18. Rab1 a5 19. Nd2 0-1

[Event "Druzynowe Mistrzostwa Polski Juniorow - II liga"]
[Site "Sypniewo k. Jastowia"]
[Date "2024-06-17"]
[Round "2.43"]
[White "Stupak, Bartosz"]
[Black "Stepinski, Piotr"]
[Result "0-1"]
[WhiteTitle "III"]
[BlackTitle "I+"]
[WhiteElo "1431"]
[BlackElo "1925"]

1. e4 c6 2. d4 d5 3. Nc3 dxe4 4. Nxe4 Nf6 5. Nxf6+ exf6 6. c3 Bd6 7. Bd3 O-O 8.
Qc2 Re8+ 9. Ne2 h5 10. Be3 h4 11. O-O-O Qc7 12. g3 h3 13. Rde1 Nd7 14. Nf4 Nf8
15. Kb1 Bd7 16. Bf5 Bxf5 17. Qxf5 Bxf4 18. Bxf4 Qd7 19. Qh5 g6 20. Qf3 Qf5+ 21.
Ka1 g5 22. Qh5 Qg6 23. Qxg6+ Nxg6 24. Bd2 Re6 25. f4 gxf4 26. gxf4 f5 27. Rxe6
fxe6 28. Rg1 Kf7 29. Rg3 Rh8 30. Kb1 Ne7 31. c4 Nc8 32. Bc3 Rh7 33. Rd3 Nd6 34.
b3 Ne4 35. Be1 Rg7 36. Rxh3 Rg1 37. Re3 Rf1 38. Kc2 Rxf4 39. h4 Kg6 40. Kd3 Rg4
41. Re2 Kh5 42. a4 a6 43. b4 Rg7 44. a5 Rg4 45. Kc2 Rg6 46. Kd3 Rg7 47. Kc2 Rd7
48. Kd3 e5 49. c5 Rxd4+ 50. Ke3 Nf6 51. Kf3 Re4 52. Bc3 Rxe2 53. Kxe2 Ng4 54.
Be1 e4 55. Bg3 Nf6 56. Ke3 Kg4 57. Be1 f4+ 58. Ke2 Nd5 59. Kf1 e3 0-1

[Event "Druzynowe Mistrzostwa Polski Juniorow - II liga"]
[Site "Sypniewo k. Jastowia"]
[Date "2024-06-17"]
[Round "2.44"]
[White "Gawlik, Olivier"]
[Black "Businski, Jan"]
[Result "1-0"]
[WhiteTitle "I"]
[BlackTitle "II"]
[WhiteElo "1765"]
[BlackElo "1633"]

1. e4 e6 2. d4 d5 3. Nd2 c5 4. exd5 Qxd5 5. Ngf3 cxd4 6. Bc4 Qd7 7. Nb3 Nf6 8.
O-O Be7 9. Bf4 Nc6 10. Nbxd4 a6 11. Be2 O-O 12. c3 Nd5 13. Bg3 Bd6 14. Nxc6 Bxg3
15. c4 bxc6 16. hxg3 Ne7 17. Qxd7 Bxd7 18. Rad1 Bc8 19. Rd2 f6 20. Nd4 e5 21.
Nb3 a5 22. g4 Kf7 23. Rfd1 f5 24. gxf5 Nxf5 25. Bf3 Ra6 26. Nc5 Rb6 27. Nd3 Re8
28. Re1 Kf6 29. Nc5 Nd4 30. Rxd4 exd4 31. Rxe8 Bf5 32. g4 Bg6 33. Nd7+ Kf7 34.
Nxb6 Kxe8 35. Bxc6+ Kd8 36. Bf3 1-0

[Event "Druzynowe Mistrzostwa Polski Juniorow - II liga"]
[Site "Sypniewo k. Jastowia"]
[Date "2024-06-17"]
[Round "2.45"]
[White "Pieszko, Antoni"]
[Black "Haladaj, Adam"]
[Result "1-0"]
[WhiteTitle "II+"]
[BlackTitle "I"]
[WhiteElo "1596"]
[BlackElo "1873"]

1. c4 e6 2. g3 d5 3. Bg2 dxc4 4. Qa4+ Qd7 5. Qxc4 c5 6. Nf3 Nc6 7. O-O Nf6 8. Qc2
Be7 9. d3 b6 10. Nbd2 Bb7 11. a3 O-O 12. b3 Rac8 13. Bb2 Rfd8 14. Rfc1 Ba8 15.
Qd1 Qe8 16. a4 Nd5 17. Nc4 Bf8 18. Qd2 h6 19. Rd1 Qe7 20. Nce5 Nxe5 21. Nxe5 Qe8
22. e4 Nb4 23. Qe2 Nc6 24. Nxc6 Bxc6 25. Rac1 e5 26. f4 Bd6 27. Rf1 f6 28. Rcd1
Qe6 29. Qc2 Be8 30. Qc4 Bf7 31. h3 Qe7 32. Qc2 Qc7 33. Bc1 Rd7 34. Be3 Rcd8 35.
Rf2 Qc8 36. Bf3 Be6 37. Bg2 Qa6 38. Bf1 Qb7 39. Kh2 Be7 40. Kg1 Bf8 41. Kh2 Qc7
42. Kg1 c4 43. Rc1 c3 44. Kh2 Bb4 45. Kg1 Qd6 46. Kh2 Qe7 47. Rb1 Rd6 48. g4 Bc8
49. g5 fxg5 50. fxg5 h5 51. Be2 g6 52. Rbf1 Ba6 53. Rf6 Kg7 54. Qd1 Bxd3 55. Bxd3
Rxd3 56. Rf7+ Qxf7 57. Rxf7+ Kxf7 58. Qf3+ Kg8 59. Qf6 R3d6 60. Qxe5 c2 61. Bc1
Bd2 62. Bb2 R8d7 63. Qh8+ Kf7 64. Qg7+ Ke8 65. Qg8+ Ke7 66. e5 Bf4+ 67. Kg2 Bxe5
68. Ba3 c1=Q 69. Bxc1 Rc6 70. Ba3+ Bd6 71. Qxg6 Kd8 72. Bxd6 Rcxd6 73. Qg8+ Kc7
74. Qc4+ Kb7 75. Qe4+ Kb8 76. Qe5 Kc8 77. Kg3 Rd3+ 78. Kh4 Rxb3 79. g6 Rb1 80.
Kxh5 Rbd1 81. g7 Rg1 82. Qe8+ Kc7 83. g8=Q Rxg8 84. Qxg8 1-0

[Event "Druzynowe Mistrzostwa Polski Juniorow - II liga"]
[Site "Sypniewo k. Jastowia"]
[Date "2024-06-17"]
[Round "2.46"]
[White "Szymczyk, Jan"]
[Black "Toczylowski, Mateusz"]
[Result "1-0"]
[WhiteTitle "II"]
[BlackTitle "II"]
[WhiteElo "1520"]
[BlackElo "1458"]

1. e4 c5 2. Nf3 Nf6 3. e5 Nd5 4. c4 Nb6 5. d4 cxd4 6. Qxd4 Nc6 7. Qe4 e6 8. Nc3
Bb4 9. Bd2 O-O 10. a3 Bxc3 11. Bxc3 Na4 12. Bd2 f6 13. b3 Nb6 14. a4 a5 15. Be3
fxe5 16. Bd3 g6 17. Ng5 Qe7 18. Qh4 Nd4 19. O-O d5 20. Bxd4 exd4 21. Qxd4 Qxg5
22. Qxb6 e5 23. cxd5 Bh3 24. Be4 Rf4 25. Qe3 Rg4 26. Qxg5 Rxg5 27. d6 Rd8 28.
Rfd1 b6 29. Rac1 Be6 30. Rd3 Rg4 31. f3 Rf4 32. Rc6 Rb8 33. d7 Rff8 34. Rxe6 Rfd8
35. Re8+ Rxe8 36. dxe8=Q+ Rxe8 37. Rd7 1-0

[Event "Druzynowe Mistrzostwa Polski Juniorow - II liga"]
[Site "Sypniewo k. Jastowia"]
[Date "2024-06-17"]
[Round "2.47"]
[White "Obukhava, Anastasiya"]
[Black "Banasiak, Adrianna"]
[Result "1-0"]
[WhiteTitle "I++"]
[BlackTitle "I+"]
[WhiteElo "1814"]
[BlackElo "1774"]

1. c4 g6 2. g3 Bg7 3. Bg2 d6 4. Nf3 Nf6 5. O-O O-O 6. Nc3 Nbd7 7. Qc2 c6 8. e4
e5 9. d4 Re8 10. Rd1 Qc7 11. b3 exd4 12. Nxd4 Nc5 13. b4 Ne6 14. Nde2 a5 15. b5
Nc5 16. Rb1 Be6 17. Bf4 Bf8 18. b6 Qc8 19. Rxd6 Bxd6 20. Bxd6 Nfd7 21. Nd1 Na6
22. Ne3 Nb4 23. Qd2 Nxb6 24. a3 Nxc4 25. Nxc4 Bxc4 26. axb4 Qd7 27. Nf4 b5 28.
Qd4 a4 29. Bh3 Qd8 30. e5 1-0